[Event "Candidates sf Kasparov-Kortschnoj+4-1=6"]
[Site "London"]
[Date "1983.12.06"]
[Round "7"]
[White "Kasparov, Garry"]
[Black "Kortschnoj, Viktor Lvovich"]
[Result "1-0"]
[WhiteElo "2690"]
[BlackElo "2600"]
[Annotator "ChessBase"]
[PlyCount "91"]
[EventDate "1983.11.21"]
[EventType "match"]
[EventRounds "12"]
[EventCountry "ENG"]
[SourceTitle "Candidates"]
[Source "ChessBase"]
[SourceDate "1999.07.01"]
[SourceVersion "2"]
[SourceVersionDate "1999.07.01"]
[SourceQuality "1"]

1. d4 Nf6 2. c4 e6 3. g3 d5 4. Bg2 dxc4 5. Nf3 Bd7 $5 {Najdorf ca.1940} 6. Qc2
(6. Ne5) (6. O-O) 6... c5 $1 7. O-O (7. Qxc4) 7... Bc6 8. Qxc4 Nbd7 9. Bg5 Rc8
(9... cxd4 {>=}) 10. Bxf6 $1 Nxf6 $6 (10... Qxf6 $6 11. Nc3 cxd4 (11... Nb6 12.
Qd3 Rd8 13. Ne4 (13. Rfd1 $5)) 12. Nxd4 Nb6 13. Bxc6+ bxc6 14. Qd3 Rd8 15. e3
e5 (15... c5 16. Qb5+) 16. Qe4) (10... gxf6 $1 $44 {>< f7,f6; ^^}) 11. dxc5
Bxf3 (11... Qd5 12. Qxd5 Nxd5 13. Nd4 (13. Rc1 Bd7 $1) 13... Bxc5 14. Nxc6 Rxc6
(14... bxc6 15. Nd2 $16) 15. Nc3 $16) 12. Bxf3 Bxc5 13. Qb5+ Qd7 14. Nc3 $1
Qxb5 $8 (14... O-O $6 15. Qxb7 $1 Qxb7 16. Bxb7 Rb8 17. Ba6 Rxb2 $2 18. Na4 Rc2
19. Bd3) 15. Nxb5 Ke7 16. b4 $3 (16. Bxb7 Rb8 17. Rac1 Bxf2+ $10) (16. Rac1 Nd5
$1 17. Bxd5 exd5 18. Rfd1 Ke6 $10) 16... Bxb4 17. Nxa7 Rc7 $2 (17... Ra8 $8 18.
Nb5 (18. Rfb1 $5 Rxa7 19. Rxb4 Rb8 20. a4 $16) 18... Rhb8 19. Rfb1 Ba5 20. Rb3
$1 $16) 18. Rfc1 $1 Rd7 19. Rab1 Bd2 20. Rc2 $18 Rhd8 21. Bxb7 Kf8 22. Nc6 Rc7
$1 (22... Re8 23. Ne5 Rdd8 24. Rc7 $18) 23. Rbb2 $1 Rd6 $1 $8 (23... Rdd7 24.
Ne5 $1 Re7 25. Bc6 $1 Ba5 26. Rb5 $1 Ra7 27. Rb8+ Ne8 28. Bxe8 Rxe8 29. Rxe8+
Kxe8 30. Rc8+ Bd8 31. Rxd8+ Kxd8 $18) 24. a4 $1 Be1 25. Rb1 (25. a5 Ng4 26. a6
$1 Bxf2+ 27. Kg2 $18) 25... Nd5 $1 26. Ba8 Rc8 27. Bb7 Rc7 28. Rc4 $1 Ne7 29.
Ne5 $1 Ba5 30. Rb5 (30. Rxc7 Bxc7 31. a5 $1 Bxa5 32. Nc4 Bc7 33. Nxd6 Bxd6 $18)
30... Ng6 31. Nc6 $1 Rd1+ 32. Kg2 Be1 33. a5 Ne7 34. a6 Nxc6 35. Rxc6 Rxc6 36.
Bxc6 Ra1 {>< Be1} 37. Rb8+ Ke7 38. Rb7+ Kd6 (38... Kf6 39. a7 {/\ 40.Rd7}) 39.
Bb5 Bc3 40. Rxf7 Bf6 41. Rd7+ Kc5 42. Bd3 h6 43. Rb7 Ra3 44. a7 Kd5 45. f3 Kd6
46. Rb6+ (46. Rb6+ Kc5 47. Ra6) 1-0

[Event "URS-ch48 Final"]
[Site "Vilnius"]
[Date "1980.12.??"]
[Round "?"]
[White "Rashkovsky, Nukhim N"]
[Black "Beliavsky, Alexander G"]
[Result "0-1"]
[WhiteElo "2520"]
[BlackElo "2590"]
[Annotator "ChessBase"]
[PlyCount "56"]
[EventDate "1980.12.25"]
[EventType "tourn"]
[EventRounds "17"]
[EventCountry "LTU"]
[EventCategory "12"]
[SourceTitle "URS-ch"]
[Source "ChessBase"]
[SourceDate "1999.07.01"]
[SourceVersion "1"]
[SourceVersionDate "1999.07.01"]
[SourceQuality "1"]

1. Nf3 Nf6 2. c4 e6 3. g3 d5 4. d4 dxc4 5. Bg2 c5 6. Qa4+ Nc6 7. O-O Bd7 8.
dxc5 Ne5 9. Qc2 Nxf3+ 10. Bxf3 Qc8 11. Be3 Bxc5 12. Bxb7 Qxb7 13. Bxc5 Rc8 14.
Ba3 h5 15. h4 Qe4 16. Qd2 Bc6 17. f3 Qe5 18. Kf2 Rd8 19. Qb4 Rd7 20. Rd1 a5 21.
Qe1 Rh6 (21... Nd5) (21... Ng4+ 22. fxg4 Rh6 23. g5 Qf5+ 24. Ke3 Qe4+ $11) 22.
Rxd7 Ng4+ 23. Kf1 Bxd7 (23... Kxd7 $11) 24. e4 Qf6 {[#]} 25. Ke2 $2 (25. Kg2
Ne5 26. Qc3 $14) 25... Qd4 26. fxg4 Rf6 27. Nd2 Qd3+ 28. Kd1 Ba4+ 0-1

[Event "Bad Kissingen"]
[Site "Bad Kissingen"]
[Date "1981.??.??"]
[Round "?"]
[White "Sosonko, Gennadi"]
[Black "Kortschnoj, Viktor Lvovich"]
[Result "0-1"]
[WhiteElo "2595"]
[BlackElo "2650"]
[Annotator "ChessBase"]
[PlyCount "74"]
[EventDate "1981.04.??"]
[EventType "tourn"]
[EventRounds "10"]
[EventCountry "GER"]
[EventCategory "12"]
[SourceTitle "MCL"]
[Source "ChessBase"]
[SourceDate "1999.07.01"]
[SourceVersion "1"]
[SourceVersionDate "1999.07.01"]
[SourceQuality "1"]

1. d4 Nf6 2. c4 e6 3. g3 d5 4. Bg2 dxc4 5. Nf3 a6 6. O-O b5 7. Ne5 Nd5 8. Nc3
Bb7 9. Nxd5 exd5 10. e4 $5 dxe4 $8 (10... c6 $2 11. exd5 cxd5 12. Qh5 $18) 11.
Qh5 g6 (11... Qd5 $2 12. Bxe4 Qxe4 13. Qxf7+ Kd8 14. Bg5+) (11... Qe7 12. Bg5
Qe6 13. Rfe1 Bb4 14. Bxe4 $18) 12. Nxg6 fxg6 13. Qe5+ Qe7 14. Qxh8 Nd7 15. h4 (
15. a4 $2 O-O-O 16. axb5 axb5 (16... Bh6 $2 17. Qxd8+ Qxd8 18. bxa6 $18) (16...
Nf6 17. bxa6 Bg7 18. axb7+ Kxb7 19. Bxe4+ $1 $16) 17. b3 Qf7 18. bxc4 Be7 $19)
(15. Bh3 $5 O-O-O 16. Qe5 Kb8 17. Qxe7 Bxe7 18. Bxd7 Rxd7 19. Be3 $13) 15...
O-O-O 16. Bg5 Qf7 17. Bh3 (17. Bxd8 $2 Bg7 18. Qxh7 (18. Bf6+ Bxh8 19. Bxh8 Qf8
20. Be5 Nxe5 21. dxe5 Qc5 $17) 18... Nf8 19. Qxg7 Qxg7 20. Bg5 Ne6 $17) 17...
Re8 18. Rad1 $6 (18. Qf6 Qd5 19. Be3 Kb8 20. Qg5 Nb6 $44) 18... Kb8 $1 (18...
Bg7 $2 19. Qxh7 Rh8 20. Be6 $1 $18) 19. d5 Bc5 20. Be6 Rxh8 21. Bxf7 Ne5 22.
Be6 Nd3 23. b3 $2 (23. Rd2 Bd4 24. Re2 Bxb2 (24... Rf8 $2 25. Rxe4 Bxf2+ 26.
Kg2 Nc5 27. Re5 Nxe6 28. Rxf2 $18) 25. Rxe4 h6 $1 (25... c3 $2 26. Bf6) 26. Be3
Rd8 27. Bxh6 Bxd5 28. Bxd5 Rxd5 $17) 23... c3 24. Kg2 Rf8 25. f3 c2 26. Rc1
Nxc1 27. Bxc1 e3 $1 28. Re1 c6 29. d6 Rf6 30. d7 Kc7 31. Bh3 Bd4 32. Rxe3 (32.
Re2 c5 33. Rxc2 Bxf3+ 34. Kh2 Bd1 35. Rg2 Rf1 {/\ e2}) 32... Bxe3 33. Bxe3 c5
34. b4 (34. Bg5 Bxf3+ 35. Kh2 Rf8 $19) 34... Rxf3 35. Bc1 cxb4 36. Kh2 Bc6 37.
Bg4 Rf1 0-1

[Event "Jerusalem"]
[Site "Jerusalem"]
[Date "1986.??.??"]
[Round "?"]
[White "Birnboim, Nathan"]
[Black "Kortschnoj, Viktor Lvovich"]
[Result "1-0"]
[WhiteElo "2445"]
[BlackElo "2650"]
[Annotator "ChessBase"]
[PlyCount "103"]
[EventDate "1986.11.??"]
[EventType "tourn"]
[EventRounds "11"]
[EventCountry "ISR"]
[EventCategory "11"]
[SourceTitle "MCL"]
[Source "ChessBase"]
[SourceDate "1999.07.01"]
[SourceVersion "1"]
[SourceVersionDate "1999.07.01"]
[SourceQuality "1"]

1. d4 Nf6 2. c4 e6 3. g3 Bb4+ 4. Nd2 d5 5. Bg2 Nc6 6. Ngf3 dxc4 7. Qc2 $5 Bxd2+
$6 (7... b5 $1 8. a4 Bb7 $1) 8. Bxd2 $1 Nxd4 9. Nxd4 Qxd4 10. Be3 $1 Qg4 {
/\ e5, Qe6} 11. h3 Qg6 $6 (11... Qf5 12. Qxc4 O-O 13. O-O $5 $44) 12. Qxc4 Nd5
(12... O-O 13. Qxc7 Nd5 14. Qe5 $16) 13. Bc5 Bd7 14. O-O a6 15. a4 a5 16. e4
Nb6 17. Qd4 (17. Qb3 e5) 17... Bc6 18. Rfd1 h5 $6 (18... f6 19. Bxb6 $5 cxb6
20. e5 $5 (20. Qd6) 20... O-O 21. Bxc6 bxc6 22. Qxb6 fxe5 23. Qxc6 Qf5 24. Qc5
$14) 19. b4 $1 axb4 (19... Nxa4 20. e5 $1 Nxc5 21. Bxc6+ bxc6 22. Qxc5 $16) 20.
a5 Nd7 21. e5 $1 Bd5 22. Bxb4 $5 (22. Bxd5 exd5 23. Qxd5 Qc6 24. Qxc6 bxc6 25.
Bxb4 $16) 22... h4 23. g4 c6 24. Bxd5 $5 (24. Ba3 $5) 24... exd5 (24... cxd5 $2
25. Rac1 $16) 25. f4 Qe4 26. Qxe4 dxe4 27. Bd6 $16 g6 28. Rdb1 $6 (28. Kf2)
28... Ra7 29. Kf2 g5 $5 30. f5 (30. Ke3 $16) 30... Kd8 31. Ke3 Re8 32. Kd4 $1
Kc8 33. Re1 Ra6 $1 $14 34. Rxe4 b6 $6 (34... b5) (34... c5+) 35. e6 fxe6 36.
Rxe6 Rd8 37. f6 $1 $16 Nc5 38. Ke5 $1 Nxe6 39. Kxe6 bxa5 40. Rb1 $1 Rxd6+ 41.
Kxd6 $18 c5+ 42. Ke7 Ra7+ 43. Ke8 Kc7 44. f7 Ra8+ 45. Ke7 Kc6 46. f8=Q Rxf8 47.
Kxf8 c4 48. Ke7 Kc5 49. Kf6 c3 50. Kxg5 Kc4 51. Kxh4 c2 52. Rh1 1-0

[Event "OHRA-A"]
[Site "Amsterdam"]
[Date "1989.??.??"]
[Round "?"]
[White "Gulko, Boris F"]
[Black "Kortschnoj, Viktor Lvovich"]
[Result "1-0"]
[WhiteElo "2610"]
[BlackElo "2655"]
[Annotator "ChessBase"]
[PlyCount "67"]
[EventDate "1989.07.??"]
[EventType "tourn"]
[EventRounds "10"]
[EventCountry "NED"]
[EventCategory "14"]
[SourceTitle "CBM 014"]
[Source "ChessBase"]
[SourceDate "1990.02.01"]
[SourceVersion "1"]
[SourceVersionDate "1990.02.01"]
[SourceQuality "1"]

1. d4 e6 2. c4 d5 3. Nf3 Nf6 4. g3 dxc4 5. Bg2 Bd7 6. Ne5 Bc6 7. Nxc6 Nxc6 8.
O-O $5 Nxd4 $6 {N} (8... Qd7 9. Nd2 {N!; Kortschnoj}) 9. Bxb7 Rb8 10. Bg2 Bc5
11. Nd2 $16 c3 $2 12. bxc3 Nb5 13. Qc2 O-O 14. a4 $1 Nxc3 (14... Nd6 15. Nb3
Bb6 16. a5 $18) 15. Qxc3 Bd4 16. Qa3 Bxa1 17. Qxa1 c5 18. Ne4 Nxe4 19. Bxe4 Qd4
20. Qxd4 cxd4 21. f4 Rfc8 22. a5 a6 23. Bd3 Rc6 24. Kf2 f5 25. Ba3 Kf7 26. Rc1
Rc3 27. Rxc3 dxc3 28. Ke1 Rb3 29. Bd6 Rb2 30. Kd1 Ra2 31. Bb4 Ra1+ 32. Kc2 Rh1
33. Bxa6 Rxh2 34. Bb5 1-0

[Event "Wellington m"]
[Site "Wellington"]
[Date "1986.??.??"]
[Round "2"]
[White "Rogers, Ian"]
[Black "Chandler, Murray G"]
[Result "1/2-1/2"]
[WhiteElo "2515"]
[BlackElo "2535"]
[Annotator "ChessBase"]
[PlyCount "59"]
[EventDate "1986.05.??"]
[EventType "match"]
[EventRounds "4"]
[EventCountry "NZL"]
[SourceTitle "MCL"]
[Source "ChessBase"]
[SourceDate "1999.07.01"]
[SourceVersion "1"]
[SourceVersionDate "1999.07.01"]
[SourceQuality "1"]

1. d4 Nf6 2. c4 e6 3. g3 d5 4. Nf3 dxc4 5. Bg2 a6 6. O-O b5 7. Ne5 Nd5 8. a4
Bb7 9. b3 $6 c3 $1 10. axb5 axb5 11. Rxa8 Bxa8 12. e4 b4 $1 (12... Nf6 13. Nxc3
b4 14. Na4 Bxe4 15. Bxe4 Nxe4 16. Qf3 Nf6 17. Nc6 Nxc6 18. Qxc6+ Qd7 19. Qa8+
Qd8 20. Qc6+ $10) 13. exd5 Bxd5 14. Be3 Be7 (14... Bxg2 15. Kxg2 Qd5+ 16. Kg1
Bd6 17. Nc4 $13) 15. Bxd5 Qxd5 16. Qc2 $1 Bf6 (16... f6 17. Nd3 {/\ Nf4}) 17.
Nxc3 $1 (17. Nd3 Nc6 18. Nf4 Qd7 $1 $17 (18... Nxd4 19. Nxd5 Nxc2 20. Nxf6+
gxf6 21. Bc5 Kd7 $1 22. Rc1 Kc6 23. Be7 Nd4 24. Nxc3 bxc3 25. Rxc3+ Kd7 26.
Bxf6 Ne2+ 27. Kg2 Nxc3 28. Bxh8 $10)) 17... bxc3 18. Qxc3 Bxe5 (18... c5 $6 19.
Rc1 $1 $14) 19. dxe5 Nc6 20. f4 O-O (20... h5 $2 21. Rc1 Kd7 22. Qc2 $1 $16)
21. Rc1 Ne7 22. Bc5 $1 (22. Qxc7 Qxb3 23. Bc5 Nd5 $15) 22... Re8 23. Bxe7 Rxe7
24. Qc5 Qd8 25. Ra1 h5 (25... Re8 26. Rc1) (25... Rd7 26. Qc6) 26. Ra8 Qxa8 27.
Qxe7 Qc6 28. Qd8+ Kh7 29. Qd3+ g6 30. h4 1/2-1/2

[Event "Khanty-Mansiysk FIDE GP (Women)"]
[Site "Khanty-Mansiysk"]
[Date "2014.04.14"]
[Round "5"]
[White "Hou, Yifan"]
[Black "Muminova, Nafisa"]
[Result "1-0"]
[WhiteElo "2618"]
[BlackElo "2321"]
[Annotator "ChessBase Website"]
[PlyCount "61"]
[EventDate "2014.04.09"]
[EventType "tourn"]
[EventRounds "11"]
[EventCountry "RUS"]
[EventCategory "10"]
[SourceTitle "CBM 160"]
[Source "ChessBase"]
[SourceDate "2014.05.15"]
[SourceVersion "1"]
[SourceVersionDate "2014.05.15"]
[SourceQuality "1"]
[TimeControl "40/5400+30:1800+30"]
[WhiteClock "1:30:00"]
[BlackClock "1:30:00"]

1. c4 {[%emt 0:00:00]} e6 {[%emt 0:00:00]} 2. g3 {[%emt 0:00:00]} d5 {[%emt 0:
00:03]} 3. Nf3 {[%emt 0:00:19]} Nf6 {[%emt 0:00:12]} 4. Bg2 {[%emt 0:00:05]} a6
{[%emt 0:00:11]} 5. d4 {[%emt 0:00:46]} dxc4 {[%emt 0:00:13]} 6. O-O {[%emt 0:
00:04]} Nc6 {[%emt 0:00:21]} 7. Nbd2 {[%emt 0:00:25]} (7. e3 Rb8 8. Qe2 b5 9.
b3 cxb3 10. axb3 Be7 11. Bb2 O-O 12. Rc1 Nb4 13. Ne5 Bb7 14. Bxb7 Rxb7 15. Nc6
Nxc6 16. Rxc6 Qd5 17. Qc2 Ne4 18. h4 g5 19. f3 Nxg3 20. e4 Qd7 21. Raxa6 gxh4
22. Qd2 Bf6 23. d5 Bxb2 24. Qxb2 exd5 25. Qf6 Qd8 26. Qh6 dxe4 27. Rg6+ fxg6
28. Rxg6+ hxg6 29. Qxg6+ Kh8 {1/2-1/2 (29) Cheparinov,I (2678)-Ponomariov,R 
(2743) Khanty-Mansiysk 2013}) 7... Nxd4 {[%emt 0:04:46]} 8. Nxc4 {[%emt 0:00:
08]} Bc5 {[%emt 0:10:49]} 9. Nfe5 $146 {[%emt 0:03:00]} (9. Bf4 Nxf3+ 10. Bxf3
Nd5 11. Be5 f6 12. e4 fxe5 13. exd5 O-O 14. Nxe5 Qf6 15. Nd3 Qxf3 16. Qxf3 Rxf3
17. Nxc5 exd5 18. Rfe1 b6 19. Ne6 Bxe6 20. Rxe6 Rf6 21. Re7 Rf7 22. Re6 Rd8 23.
Rc1 Kf8 24. Kf1 Rdd7 25. Ke2 Rfe7 26. Rxe7 Kxe7 27. Rc6 Kd8 28. f4 Re7+ 29. Kd2
Kd7 30. Rc1 Kd6 31. Rf1 Re4 32. Kd3 c5 33. a3 b5 34. Kd2 c4 35. Rf3 d4 36. Kd1
Kd5 37. Kd2 a5 38. Rf1 d3 {Wyss,J (2270)-Ismagambetov,A (2492) Zuerich 2010 0-1
}) 9... O-O {[%emt 0:03:52]} 10. Be3 {[%emt 0:00:52]} Ba7 {[%emt 0:02:28]} 11.
Rc1 $44 {[%emt 0:02:00] The World Champion used an interesting pawn sacrifice
in the Catalan for serious compensation. Muminova was never able to really
push White's pieces back, despite the fact that her position lacked any real
weaknesses. Eventually it was these problems she had with her pieces that cost
her the game as her rook, bishop and queen were completely tied down and
useless. A very clean game by Hou Yifan.} c5 {[%emt 0:05:52]} 12. Bd2 {[%emt 0:
00:25]} Nd5 {[%emt 0:03:21]} 13. e3 {[%emt 0:02:30]} Nb5 {[%emt 0:06:11]} 14.
Qe2 {[%emt 0:06:53]} Nd6 {[%emt 0:22:19]} 15. Rfd1 {[%emt 0:00:59]} Nxc4 {
[%emt 0:00:55]} 16. Nxc4 {[%emt 0:00:11]} b5 {[%emt 0:06:37]} 17. Ba5 {[%emt 0:
10:19]} Qe7 {[%emt 0:00:40]} 18. e4 {[%emt 0:02:01]} Nb4 {[%emt 0:10:11]} 19.
Bxb4 {[%emt 0:07:40]} cxb4 {[%emt 0:02:00]} 20. Ne5 {[%emt 0:05:24]} Qg5 {
[%emt 0:00:17]} 21. Nc6 {[%emt 0:04:24]} e5 {[%emt 0:01:12]} 22. h4 {[%emt 0:
07:41]} Qf6 {[%emt 0:00:09]} 23. b3 {[%emt 0:06:37]} a5 {[%emt 0:08:48]} 24.
Rc2 {[%emt 0:05:32]} Bb7 {[%emt 0:03:31]} 25. Nxa7 {[%emt 0:03:51]} Rxa7 {
[%emt 0:00:08]} 26. Rc7 {[%emt 0:00:50]} Qb6 {[%emt 0:04:12]} 27. Rdd7 {
[%emt 0:00:57]} a4 {[%emt 0:00:54]} 28. Kh2 {[%emt 0:04:59]} h6 {[%emt 0:00:37]
} 29. Qe3 {[%emt 0:05:42]} Qa6 {[%emt 0:00:40]} 30. Qc5 {[%emt 0:01:37]} axb3 {
[%emt 0:01:23]} 31. Qxf8+ {[%emt 0:00:19]} 1-0

[Event "EU-chT (Men) 14th"]
[Site "Plovdiv"]
[Date "2003.10.18"]
[Round "7.3"]
[White "Dautov, Rustem"]
[Black "Hellsten, Johan"]
[Result "1/2-1/2"]
[WhiteElo "2610"]
[BlackElo "2534"]
[Annotator "Dautov,R"]
[PlyCount "144"]
[EventDate "2003.10.10"]
[EventType "team-swiss"]
[EventRounds "9"]
[EventCountry "BUL"]
[SourceTitle "CBM 098"]
[Source "ChessBase"]
[SourceDate "2004.02.03"]
[SourceVersion "1"]
[SourceVersionDate "2004.02.03"]
[SourceQuality "1"]
[WhiteTeam "Germany"]
[BlackTeam "Sweden"]
[WhiteTeamCountry "GER"]
[BlackTeamCountry "SWE"]

1. d4 Nf6 2. c4 e6 3. g3 d5 4. Nf3 dxc4 5. Bg2 a6 6. O-O b5 7. Ne5 c6 8. b3
cxb3 9. Nxc6 Qb6 10. Na5 Ra7 11. Nxb3 Rd7 12. e4 Bb7 {Soweit eine theoretische
Variante, die allerdings als vorteilhaft für Weiß gilt. Als ein gelegentlicher
Katalanisch-Spieler kannte ich mich mit Nuancen nicht aus und spielte das
naheliegende 13.Qe2.} 13. Qe2 ({Energischer wäre} 13. Re1 $1 Be7 (13... Bb4 $5
14. Bd2 Bxd2 15. N1xd2 O-O $14) 14. e5 $1 Nd5 15. Qg4 g6 (15... Kf8 16. Bg5 $16
) 16. Bh6 Nb4 17. Bxb7 Qxb7 18. Re2 N8c6 19. Nc3 $16 {Krasenkov,M-Kohlweyer,B/
Oostende 1990}) 13... Be7 14. Nc3 $6 {Nicht der beste Platz für den Springer,
hier steht er unsicher. Besser war die Aufstellung Be3, N1d2, die sich mit 14.
Bf4! erreichen ließ.} (14. Bb2 O-O 15. Nc3 Rc8 16. Rac1 Rdc7 $11) (14. Bf4 $1
O-O 15. N1d2 Ba3 (15... Nc6 16. Be3 $14) 16. Be3 Qd8 17. Rab1 Nc6 18. e5 Nd5
19. Ne4 Nce7 20. Bc1 Bxc1 21. Rbxc1 Nf5 22. Nec5 Rc7 23. Qd2 $14 {Sosonko,
G-Mednis,E/Amsterdam 1989}) 14... O-O $11 {Trotz des weißen Bauernzentrums
steht Schwarz nun nicht schlechter.} ({In Frage kam} 14... Rc7 $5 15. Bd2 O-O
$11) 15. Be3 Rc8 $5 $146 ({Auch mit} 15... Qd8 16. f3 Rc7 17. Nd1 Qc8 $11 {
erreichte Schwarz ein vollwertiges Spiel.}) 16. d5 $1 {Weiß muß sich
provozieren lassen, sonst versteckt sich die schwarze Dame bequem auf d8.} Qd8
17. dxe6 (17. Bd4 $2 exd5 18. e5 Ne4 19. Nxe4 dxe4 20. Bxe4 Bxe4 21. Qxe4 Rc4
$17) 17... fxe6 18. Rac1 Ba3 $1 {Als Kompensation für die Verschlechterung der
Bauernstruktur bekam Schwarz ein aktives Figurenspiel.} 19. Rc2 Bb4 20. e5 $1 {
Die richtige Entscheidung. Das Bauernopfer erlaubt Weiß, seine Kräfte zu
aktivieren.} (20. Bd2 Rdc7 21. Rfc1 Nbd7 $15) 20... Bxg2 21. Kxg2 Nd5 {Nach
ausführlichem Nachdenken verzichtete mein Gegner auf die Opferannahme.} (21...
Bxc3 $2 22. exf6 Bxf6 23. Bb6 $1 $16) ({Nach} 21... Rxc3 22. exf6 {hätte Weiß
zumindest eine ausreichende Kompensation für den geopferten Bauern, eher mehr:}
Qxf6 (22... Rxc2 23. Qxc2 Qxf6 24. Qe4 Bd6 25. Rc1 Rd8 26. Rd1 $44) 23. Rxc3
Bxc3 24. Nc5 Rd8 (24... Rc7 $2 25. Nxa6 $1 Nxa6 26. Qxb5 e5 27. Qe8+ Qf8 28.
Qe6+ Qf7 29. Qxa6 $16) 25. Ne4 Qe5 26. Bb6 Re8 27. Rd1 $1 {/\f4+-} Bb4 28. Bd4
Qc7 29. Qg4 Kh8 30. Ng5 Kg8 31. Nxe6 $14) 22. Nxd5 Rxc2 (22... Rxd5 23. Rxc8
Qxc8 24. f4 Qc4 (24... Qd7 25. Rc1 Nc6 26. Qc2 $14) 25. Qf3 $14) 23. Nf6+ $6 {
Weiter in Opferlaune! Ich habe mich innerlich auf energisches Handeln
eingestellt und verzichtete deswegen auf einen kleinen Vorteil, der mit 23.
Qxc2! zu erreichen war.} (23. Qxc2 $1 Rxd5 24. f4 $14 (24. Qe4 Nc6 25. f4 Qd7
26. Rc1 Ba3 $13) 24... Rd3 $2 25. Bd4 $1 Qd5+ 26. Kh3 Qc4 27. Rc1 Qxc2 28. Rxc2
Nd7 29. Rc7 $16) 23... Qxf6 24. Qxc2 Qxe5 (24... Qd8 $5 25. Nd4 Rc7 26. Qe4 Rc4
$14) 25. Qc8+ Kf7 26. Kg1 $1 {/\Bf4} (26. Rc1 $2 Ba3) 26... Qc7 $1 (26... Qd6
27. Rc1 Rd8 28. Qb7+ Kg8 29. Nd4 $36) 27. Qh8 h6 28. Qh7 {Gewinnt den Bauern
zurück.} (28. Rc1 $2 Qd8 29. Qh7 Rd1+ $17) 28... Nc6 (28... Kf8 $2 29. Rc1 $16)
29. Bxh6 Qe5 $11 {Der schwarze König ist schwach, dafür stehen die schwarzen
Figuren zentral. Die Stellung ist ausgeglichen.} 30. Rc1 Bf8 $2 (30... Nd4 $1
31. Nxd4 Qxd4 32. Be3 Qd5 $11) 31. Be3 $2 {Die ersten Anzeichen der kommenden
Zeitnot: wir beide übersahen die hübsche Kombination 31.Bxg7!} (31. Bxg7 $1
Bxg7 32. Rxc6 Rd1+ 33. Kg2 Qd5+ 34. Kh3 Qxc6 35. Qh5+ $16) 31... Qd5 (31... Nb4
$5) 32. Nc5 $2 {Übersieht den übernächsten gegnerischen Zug. Der richtige Weg
nach e4 führte über d2.} (32. Nd2 $1 Ne5 33. Ne4 Be7 34. Qh5+ Kg8 35. Rc8+ Rd8
36. Rxd8+ Bxd8 37. Qe8+ Kh7 38. Qh5+ $11) 32... Bxc5 33. Rxc5 Qf3 $1 {Nun muß
plötzlich Weiß aufpassen.} 34. Qh5+ Qxh5 35. Rxh5 e5 (35... Nb4 36. a3 Nc2 (
36... Rd1+ 37. Kg2 Nd5 38. Bc5 a5 39. Rh8 $11) 37. Bc5 Rd3 38. Rh8 Nxa3 39.
Rf8+ Kg6 40. Ra8 Nc4 41. Rxa6 $11) 36. Rh8 Rd8 (36... Rd1+ 37. Kg2 Ra1 38. Rc8
Nb4 39. Rc7+ Kg8 40. Bd2 Nxa2 41. Rc6 $11) (36... Nb4 37. Ra8 Nxa2 38. Rxa6 Nc3
$11) 37. Rxd8 Nxd8 38. Kf1 {Das Leichtfigurenendspiel ist remislich, aber in
gegenseitiger Zeitnot spielten wir beide schlecht.} Nc6 39. Ke2 e4 40. Bd2 Ke6
$138 41. g4 $2 $138 {Dieser leichtfertige Zug könnte zu Schwierigkeiten führen.
} (41. Bc3 g6 42. Ke3 (42. f3 $11) 42... Kd5 43. h4 b4 44. Bf6 Ne5 45. Bxe5
Kxe5 46. g4 a5 47. h5 gxh5 48. gxh5 a4 49. h6 Kf6 50. Kd4 Kg6 51. Kc4 $11)
41... Ne5 42. h3 Nc4 $2 (42... Nf3 $1 43. Bc3 g5 44. Ke3 Kd5 $17 {, und Weiß
muß noch das Remis finden:} 45. Ba5 Ng1 46. Bd8 Nxh3 47. f3 exf3 48. Kxf3 b4
49. Bc7 Kc6 50. Bd8 $11) 43. Bc3 g5 44. f3 exf3+ (44... Kd5 $11) 45. Kxf3 a5 $2
(45... Kd5 $1 46. Bf6 Nd2+ 47. Ke3 Ne4 $11) 46. Ke4 b4 47. Be1 Nd6+ 48. Kd4 $16
{Nun muß Schwarz ums Remis kämpfen.} Nb5+ 49. Kc4 Nd6+ 50. Kb3 $2 ({Schwerer
war Hellstens Aufgabe nach} 50. Kc5 $1 Ne4+ 51. Kd4 Nd6 52. Bd2 $1 Kf6 (52...
Nb5+ $2 53. Kc4 Nd6+ 54. Kd3 Kf6 55. Be3 Nb7 56. Kc4 Nd6+ 57. Kb3 Ne4 58. Bb6
Ke5 59. Bxa5 Nf2 60. Kxb4 Nxh3 61. Bc7+ Ke6 62. Bg3 Ng1 63. a4 Ne2 64. a5 Kd7
65. Be5 $18) 53. Kd5 (53. Be3 Kg6 $11) 53... Nb5 54. Kc4 Nd6+ 55. Kb3 Ne4 56.
Be3 Ke5 57. Bb6 Kd5 $1 (57... Nd2+ $2 58. Ka4 b3 59. axb3 Kf4 60. Bxa5 Nxb3 61.
Bc7+ $1 Kf3 62. Kxb3 Kg2 63. h4 $18) 58. Bxa5 Nf2 59. Bb6 Nxh3 60. Kxb4 Nf4 61.
a4 Nd3+ (61... Kc6 62. Bd4 $1) 62. Kb5 Nb2 63. a5 Nc4 64. a6 Nd6+ 65. Kb4 Kc6
66. Be3 Nf7 $11) 50... Ne4 51. Ka4 Nc5+ $11 52. Kxa5 b3 53. axb3 Nxb3+ 54. Kb4
Nd4 55. Kc4 Nf3 56. Bf2 Ke5 57. Kd3 Ke6 58. Be3 Ne5+ 59. Ke4 Nf7 60. Kd4 Kf6
61. Kd5 Nd8 62. Bd4+ Kg6 63. Bb6 Nf7 64. Ke6 Nh6 65. Bc7 Nf7 66. Ke7 Nh6 67.
Bb6 Nf7 68. Ke6 Nh6 69. Bd4 Nf7 70. Bf6 Nh6 71. Be7 Nf7 72. Bf6 Nh6 1/2-1/2